Normale Ansicht MARC-Ansicht ISBD

Das Bauhaus in Brandenburg - eine Spurensuche. (Titelsatznr. 80688)

[ MARC ]
MARC-Details
000 -Satzkennung
Kontrollfeld mit fester Länge 00645nam a22001937a 4500
008 - Feld mit fester Länge zur physischen Beschreibung - Allgemeine Angaben
Kontrollfeld mit fester Länge 210210b ||||| |||| 00| 0 eng d
040 ## - Katalogisierungsquelle
Original-Katalogisierungsstelle STAFF
Katalogisierungssprache ger
Übertragungsstelle STAFF
Beschreibungsfestlegungen rda
041 ## - Sprachcode
Sprachcode des Textes/der Tonspur oder des separaten Titels ger
100 ## - Person oder Familie als 1. geistiger Schöpfer
Personenname Röthke, Ulrich:
245 ## - Titel
Haupttitel Das Bauhaus in Brandenburg - eine Spurensuche.
500 ## - Anmerkung
Allgemeine Anmerkung Darin enthalten: Bildungsreformen in Frankfurt (Oder).
650 ## - Nebeneintragung unter einem Schlagwort - Sachschlagwort
Sachschlagwort oder geografischer Name als Eintragungselement Bauhaus
651 ## - Nebeneintragung unter einem Schlagwort - Geografischer Name
Geografischer Name Brandenburg <Land>
773 ## - Übergeordnete Einheit
Titel Das Bauhaus in Brandenburg: Industriedesign und Handwerk im Zeichen der Moderne.
Ort, Verlag und Erscheinungsjahr Cottbus: Brandenburgische Kulturstiftung, [2019]
Verknüpfungsangaben S. 5-9
942 ## - Zusätzliche Felder (Koha)
Koha-Medientyp Aufsätze
Exemplare
Ausgeschieden Verloren Beschädigt Nicht entleihbar Permanenter Standort Aktueller Standort Aufstellungsort Eingabedatum Anzahl Ausleihen Signatur Letzte Aktivität Preis gültig von Medientyp
        Stadtarchiv Frankfurt (Oder) | Archivbibliothek Stadtarchiv Frankfurt (Oder) | Archivbibliothek Magazin 10/02/2021   III: 1903 10/02/2021 10/02/2021 Aufsätze